| 000 | 01266cam a22002054a 4500 | ||
|---|---|---|---|
| 005 | 20250605164059.0 | ||
| 008 | 250528s ||||||||||||||||||||||||d | ||
| 035 | _a17566 | ||
| 020 | _a9789602182895 | ||
| 040 |
_aGR-AtMCL _bgre _dGR-AtMCL _eAACR2 |
||
| 245 | 1 | _aProject Management Διαχείριση Έργου / Τεχνικές Σχεδιασμού και Ελέγχου | |
| 250 | _a1η | ||
| 260 |
_bΚριτική, _c2002 |
||
| 300 | _a528 | ||
| 520 | _aΤο παρόν βιβλίο απευθύνεται σε όσους διαχειρίζονται έργα στην πράξη. Εισαγωγή στη Διαχείριση Έργου, Κύκλος Ζωής Έργου, Μελέτη Σκοπιμότητας, Διαδικασίες Εκτίμησης Έργου, Διαχείριση του Αντικειμένου Εργασιών, Μέθοδος Κρίσιμης Διαδρομής, Χρονοδιαγράμματα Προμηθειών, Λογιστική Έργου, Πιστοποιημένη Αξία, Επικονωνία Έργου, Ομάδες Έργου, Αρχηγεσία Έργου, Διοίκηση Έργου με Υποστήριξη Η/Υ. | ||
| 700 | 1 |
_aBurke Rory _93723 |
|
| 942 | _cBK | ||
| 999 |
_c2970 _d2970 |
||